| 000 | 00671nam a2200253Ia 4500 | ||
|---|---|---|---|
| 005 | 20250425161907.0 | ||
| 008 | 250425s9999 xx 000 0 und d | ||
| 020 | _a0201607158 | ||
| 041 | _aeng | ||
| 082 | _a658.5 | ||
| 100 | _aKRAJEWSKI, LEE J. | ||
| 245 | 0 | _aOPERATIONS MANAGEMENT: STRATEGY AND ANALYSIS | |
| 250 | _a4TH ED. | ||
| 260 |
_aEstados Unidos _bADDISON - WESLEY PUBLISHING COMPANY _c1996 |
||
| 260 | _aS.L. | ||
| 300 | _a878 | ||
| 650 | _aADMINISTRACION DE OPERACIONES | ||
| 650 | _aANALISIS (GENERAL) | ||
| 650 | _aDECISIONES | ||
| 650 | _aESTRATEGIAS | ||
| 710 | _aADDISON - WESLEY PUBLISHING COMPANY | ||
| 942 | _c01 | ||
| 010 | _a34057 | ||
| 999 |
_c218291 _d218291 |
||